01863cam a2200241 a 4500008004100000020001500041041001300056082002100069110004000090130008800130245038100218246013900599246015800738246005800896260005800954300003201012500038001044500002701424650004101451650003701492650005101529710004101580040629s2004 enka i000 0 eng d a92801003270 aengaspa00a344.046332bI339 aInternational Maritime Organization0 aInternational Convention on Civil Liability for Bunker Oil Pollution Damaged(2001)10aInternational Convention on Civil Liability for Bunker Oil Pollution Damage, 2001 =bConvention internationale de 2001 sur la responsabilité civile pour les dommages dus à la pollution par les hydrocarbures de soute = Convenio internacional sobre responsabilidad civil nacida de daños debidos a contaminación por los hidrocarburos para combustible de los buques, 2001.11aConvention internationale de 2001 sur la responsabilité civile pour les dommages dus à la pollution par les hydrocarbures de soute11aConvenio internacional sobre responsabilidad civil nacida de daños debidos a contaminación por los hidrocarburos para combustible de los buques, 200130aCivil liability for bunker oil pollution damage, 2001 aLondon :bInternational Maritime Organization,c2004. aix, 70 p. :bill. ;c24 cm. a"This publication contains the text of the Final Act of the International Conference on Liability and Compensation for Bunker Oil Pollution Damage, 2001 ... 9 to 23 March 2001 ... The purpose of the Convention is to ensure the payment of adequate, prompt and effective compensation to victims of pollution caused by the escape or discharge of bunker oil from ships."--p. iii. a"Sales number: 1490M." 0aLiability for oil pollution damages. 0aOil spillsxLaw and legislation. 0aOil pollution of the seaxLaw and legislation.2 aInternational Maritime Organization.